| 000 | 00581nam a2200193Ia 4500 | ||
|---|---|---|---|
| 003 | GCL | ||
| 008 | 140319s9999 xx 000 0 ara d | ||
| 040 |
_aGCL / _cGCL |
||
| 082 | 0 | 4 |
_aد _b050 _bج م |
| 100 | 1 | _aالجمعية المصرية للاقتصاد السيا | |
| 245 | 1 | 0 |
_aمصر المعاصرة L'Egpte cortemporaine / _cالجمعية المصرية للاقتصاد السيا |
| 300 | _a134 مجلد | ||
| 490 |
_aماذا اعرف _v0 |
||
| 650 | 0 | 4 | _aدوريات |
| 650 | 0 | 4 | _aسياسة |
| 650 | 0 | 4 | _aتشريع |
| 650 | 0 | 4 | _aاحصاء |
| 942 |
_2ddc _cCF |
||
| 999 |
_c27075 _d27075 |
||